| 000 | 00791nam a2200229 a 4500 | ||
|---|---|---|---|
| 001 | 47800 | ||
| 003 | BD-RjUL | ||
| 005 | 20211209054409.0 | ||
| 008 | 160810s1996 bg a|||| |||| 00| p ben d | ||
| 020 |
_a9844013798 _c: Tk. 40.00 |
||
| 035 | _a(BD-RjUL) 47919 | ||
| 040 |
_aBD-RjUL _bben _cBD-RjUL |
||
| 041 | _aben | ||
| 082 |
_223 _a891.441 _bISB 1996 |
||
| 100 | 1 |
_aইসলাম, আমীরুল _9145134 |
|
| 245 | 1 | 0 |
_aবীর বাঙালির ছড়া / _cআমীরুল ইসলাম |
| 260 |
_aঢাকা : _bআগামী প্রকাশনী, _c১৯৯৬ |
||
| 300 |
_a৬৪ পৃ. : _bচিত্র ; _c২১ সেমি. |
||
| 650 |
_aবাংলা কবিতা _9145135 |
||
| 650 |
_aBengali Poetry _9145136 |
||
| 942 |
_2ddc _cBK |
||
| 999 |
_c47800 _d47800 |
||